Supernova 1987A,one year later (Record no. 9678)

MARC details
000 -LEADER
fixed length control field 00652nam a2200205Ia 4500
003 - CONTROL NUMBER IDENTIFIER
control field IN-BaIIA
008 - FIXED-LENGTH DATA ELEMENTS--GENERAL INFORMATION
fixed length control field 211028s9999 xx 000 0 eng d
020 ## - INTERNATIONAL STANDARD BOOK NUMBER
International Standard Book Number 2-86332-058-0
040 ## - CATALOGING SOURCE
Transcribing agency IIA Library
080 ## - UNIVERSAL DECIMAL CLASSIFICATION NUMBER
Universal Decimal Classification number 524.352(082.2)
Item number SUP
245 #0 - TITLE STATEMENT
Title Supernova 1987A,one year later
Statement of responsibility, etc. edited by M. Greco
260 ## - PUBLICATION, DISTRIBUTION, ETC.
Place of publication, distribution, etc. France
Name of publisher, distributor, etc. Editions Frontiers
Date of publication, distribution, etc. 1988
300 ## - PHYSICAL DESCRIPTION
Extent x, 825p.
490 ## - SERIES STATEMENT
Series statement Les Rencontres de physique de la Vallee d'Aoste
650 ## - SUBJECT ADDED ENTRY--TOPICAL TERM
Topical term or geographic name entry element Astronomy and Astrophysics Thesaurus
650 ## - SUBJECT ADDED ENTRY--TOPICAL TERM
Topical term or geographic name entry element Supernova
9 (RLIN) 15816
650 ## - SUBJECT ADDED ENTRY--TOPICAL TERM
Topical term or geographic name entry element Supernova 1987A
9 (RLIN) 16332
700 ## - ADDED ENTRY--PERSONAL NAME
Personal name Greco, M ., ed.
9 (RLIN) 16333
942 ## - ADDED ENTRY ELEMENTS (KOHA)
Koha item type Books
Holdings
Withdrawn status Lost status Damaged status Not for loan Home library Current library Shelving location Date acquired Total Checkouts Full call number Barcode Date last seen Price effective from Koha item type
        IIA Library-Bangalore IIA Library-Bangalore General Stacks     524.352(082.2)/ SUP 10588 05/11/2021   Books

Powered by Koha